La posesión inscrita y nuevas ideas sobre el precario / (Registro nro. 173507)
[ vista simple ]
| 000 -LEADER | |
|---|---|
| fixed length control field | 01145cam a22003615i 4500 |
| 001 - CONTROL NUMBER | |
| control field | 23275271 |
| 006 - FIXED-LENGTH DATA ELEMENTS--ADDITIONAL MATERIAL CHARACTERISTICS--GENERAL INFORMATION | |
| fixed length control field | m o d |
| 007 - PHYSICAL DESCRIPTION FIXED FIELD--GENERAL INFORMATION | |
| fixed length control field | cr un ---uuuua |
| 008 - FIXED-LENGTH DATA ELEMENTS--GENERAL INFORMATION | |
| fixed length control field | 230718s2023 cl o 000 0 spa d |
| 010 ## - LIBRARY OF CONGRESS CONTROL NUMBER | |
| LC control number | 2023462916 |
| 020 ## - INTERNATIONAL STANDARD BOOK NUMBER | |
| International Standard Book Number | 9789563670998 |
| 035 ## - | |
| -- | 41991 |
| 040 ## - CATALOGING SOURCE | |
| Original cataloging agency | UtOrBLW |
| Language of cataloging | eng |
| Description conventions | rda |
| Transcribing agency | UtOrBLW |
| 042 ## - | |
| -- | pcc |
| 043 ## - | |
| -- | s-cl--- |
| 050 #4 - | |
| -- | KHF576 |
| -- | .A74 2023 |
| 082 04 - | |
| -- | 346.83043 |
| -- | 23 |
| 100 1# - MAIN ENTRY--PERSONAL NAME | |
| Personal name | Arévalo Ayala, Patricia Cecilia, |
| Relator term | author. |
| 245 13 - TITLE STATEMENT | |
| Title | La posesión inscrita y nuevas ideas sobre el precario / |
| Statement of responsibility, etc | Patricia Arévalo Ayala, Philipe Llulle Navarrete. |
| 250 ## - | |
| -- | Primera edición. |
| 264 #1 - | |
| -- | Santiago, Chile : |
| -- | Editorial El Jurista, |
| -- | 2023. |
| 300 ## - PHYSICAL DESCRIPTION | |
| Extent | 1 online resource (182 pages) |
| 336 ## - | |
| -- | text |
| -- | txt |
| -- | rdacontent |
| 337 ## - | |
| -- | computer |
| -- | c |
| -- | rdamedia |
| 338 ## - | |
| -- | online resource |
| -- | cr |
| -- | rdacarrier |
| 650 #0 - SUBJECT ADDED ENTRY--TOPICAL TERM | |
| Topical term or geographic name as entry element | Real property |
| Geographic subdivision | Chile. |
| 650 #0 - SUBJECT ADDED ENTRY--TOPICAL TERM | |
| Topical term or geographic name as entry element | Possession (Law) |
| Geographic subdivision | Chile. |
| 650 #0 - SUBJECT ADDED ENTRY--TOPICAL TERM | |
| Topical term or geographic name as entry element | Land tenure |
| Geographic subdivision | Chile. |
| 700 1# - ADDED ENTRY--PERSONAL NAME | |
| Personal name | Lluelle Navarrete, Philipe, |
| Relator term | author. |
| 856 40 - LOCALIZACIÓN Y ACCESO ELECTRÓNICO | |
| Identificador Uniforme del Recurso (URI/URL) | https://app.vlex.com/#/sources/41991 |
| 942 ## - | |
| -- | RAA |
| 999 ## - | |
| -- | 173507 |
| -- | 173507 |
No hay ítems disponibles.